000 00437nam a2200181 i 4500
001 bg
100 1 _aRUBACH KUCZEWSKA, Janina
245 0 _aŻycie po japońsku /
_cJanina Rubach-Kuczewska.
260 _aWarszawa :
_b"Iskry",
_c1983.
651 9 _aJaponia
020 _a8320702127
040 _cBPK
041 _apol
080 _a913(520)
920 _a83-207-0212-7
942 _cKS
008 s pl f |000 0 pol
999 _c22006
_d22006
856 _uhttp://koha.tu.koszalin.pl/cgi-bin/koha/opac-detail.pl?biblionumber=22006
_yKatalog online BPK